Chayavaad kaa dharshanik kharatha avam sahithya niband/ (Record no. 153041)

000 -LEADER
fixed length control field 00298nam a22001097a 4500
082 ## - DEWEY DECIMAL CLASSIFICATION NUMBER
Classification number
Item number
100 ## - MAIN ENTRY--AUTHOR NAME
Personal name Vimal Shankar Nagar
245 ## - TITLE STATEMENT
Title Chayavaad kaa dharshanik kharatha avam sahithya niband/
Statement of responsibility, etc by Vimal Shankar Nagar
260 ## - PUBLICATION, DISTRIBUTION, ETC. (IMPRINT)
Place of publication Muradhabad:
Name of publisher Gharima prakashan,
Year of publication
650 ## - SUBJECT ADDED ENTRY--TOPICAL TERM
Topical Term
942 ## - ADDED ENTRY ELEMENTS (KOHA)
Koha item type Book
Holdings
Withdrawn status Lost status Damaged status Not for loan Permanent Location Current Location Shelving location Date acquired Cost, normal purchase price Full call number Accession Number Price effective from Koha item type
        Department of Hindi, SSUS, Kalady Department of Hindi, SSUS, Kalady Reference 24.02.2020 75.00 TH002959 24.02.2020 Book